000 00535 a2200169 4500
020 _a0849333911
040 _aDLC
_bDLC
082 0 0 _a621.381
245 0 0 _aMicroelectronics
_cJerry C. Whitaker.
250 _a2nd ed.
260 _aBoca Raton, FL :
_bCRC/Taylor & Francis,
_c2006.
300 _a1 v. (various pagings) :
_bill. ;
_c27 cm.
650 0 _aMicroelectronics.
700 1 _aWhitaker, Jerry C.
856 4 2 _3Publisher description
_uhttp://www.loc.gov/catdir/enhancements/fy0648/2005053102-d.html
942 _cBK
_k621.381 WHI
_2ddc
999 _c8014
_d8014